| 000 | 00727nam a22001817a 4500 | ||
|---|---|---|---|
| 005 | 20251108173524.0 | ||
| 008 | 250721s2006 xx 000 0 ara d | ||
| 082 | 1 | 4 | _a658/زيا |
| 100 | 1 | _aزيارة، فريد فهمي | |
| 245 | 1 | 0 | _aالمبادئ و الأصول للإدارة و الأعمال : التخطيط ، التنظيم ، الإتصال ، القيادة ، الرقابة ، المسؤولية الإجتماعية ، العمليات ، التسويق التمويل ، الموارد البشرية / |
| 250 | _aط.5 | ||
| 264 | 1 |
_aعمان : _bزيارة، _c2006. |
|
| 300 | _a572 ص. | ||
| 650 | 1 | 7 | _aالإدارة |
| 650 | 1 | 7 | _aإدارة الأعمال |
| 942 |
_2ddc _cBK |
||
| 999 |
_c105925 _d105925 |
||